000 01277nam a2200253 4500
001 108972
003 ES-MaACL
005 20250910212613.0
007 t|
008 061121s1972 sp r ||||1| spa d
100 1 _aMoya, Carlos.
_9184026
245 1 0 _aBurocracia y sociedad industrial /
_cCarlos Moya.
260 _aMadrid :
_bCuadernos para el Diálogo,
_c1972.
300 _a280 p. ;
_c21 cm.
490 1 _aColección I.T.S. [Instituto de Técnicas Sociales]
504 _aBibliografía: p. 275-279.
505 8 _aContiene: Modelos de burocracia: Max Weber y la burocracia racional ; Teoría y práctica de la burocracia: la teoría norteamericana de la organización ; El proceso de racionalización burocrática en España ; Problemas de la racionalización de la Administración Pública en España ; Las élites de la economía española y su burocratización ; Razón y racionalización burocrática (los supuestos teóricos de la sociología de Max Weber) ; Burocracia y sociedad industrial
650 4 _aBurocracia.
_910646
650 4 _aBurocracia-
_zEspaña.
_9153179
710 2 _aCuadernos para el Diálogo.
_93333
830 1 _aColección I.T.S. [Instituto de Técnicas Sociales]
_9179830
852 _aES-MaACL
_jC-48301
999 _c108972
_d108972